Statistics for GAA County Grounds

Click here to take the quiz!

General Stats

  • This quiz has been taken 127 times
  • The average score is 21 of 34

Answer Stats

StadiumCounty% Correct
Wexford ParkWexford
78%
Parnell ParkDublin
75%
Casement ParkAntrim
74%
Páirc Uí ChaoimhCork
74%
Drogheda ParkLouth
73%
Breffni ParkCavan
69%
MacHale ParkMayo
69%
Páirc EslerDown
68%
Semple StadiumTipperary
68%
Athletic GroundsArmagh
67%
Cusack Park (Munster)Clare
67%
Celtic ParkDerry
66%
Fitzgerald StadiumKerry
65%
St Tiernach's ParkMonaghan
65%
Páirc TailteannMeath
64%
Gaelic GroundsLimerick
61%
Dr Hyde ParkRoscommon
61%
Nowlan ParkKilkenny
60%
Markievicz ParkSligo
60%
Aughrim County GroundWicklow
59%
St Conleth's ParkKildare
58%
O'Moore ParkLaois
58%
Páirc Seán Mac DiarmadaLeitrim
58%
Cusack Park (Leinster)Westmeath
58%
Healy ParkTyrone
54%
Dr Cullen ParkCarlow
53%
MacCumhaill ParkDonegal
53%
Brewster ParkFermanagh
53%
Pearse StadiumGalway
53%
Walsh ParkWaterford
51%
Pearse ParkLongford
49%
O'Connor ParkOffaly
49%
Gaelic ParkNew York
46%
McGovern ParkLondon
44%

Score Distribution

Percentile by Number Answered

Percent of People with Each Score

Your Score History

You have not taken this quiz